[Event "Rostock SSC op 17th"]
[Site "Rostock"]
[Date "2018.07.11"]
[Round "2.24"]
[White "Raitza, Egon"]
[Black "Mueller, Rosemarie"]
[Result "1-0"]
[WhiteElo "1524"]
[BlackElo "1041"]
[PlyCount "81"]
[EventDate "2018.07.11"]
[EventType "swiss"]
[EventRounds "7"]
[EventCountry "GER"]
[SourceTitle "EXT 2019"]
[Source "ChessBase"]
[SourceDate "2018.10.10"]
[SourceVersion "1"]
[SourceVersionDate "2018.10.10"]
[SourceQuality "1"]

1. d4 d5 2. c4 e6 3. Nc3 Nf6 4. Bg5 Be7 5. e3 0-0 6. Bd3 h6 7. Bh4 Nc6 8. a3 Qe8 9. Nf3 Nd7 10. Bg3 Bd8 11. cxd5 exd5 12. Nxd5 Nb6 13. Nxc7 Bxc7 14. Bxc7 Nd5 15. Bd6 Nde7 16. 0-0 Qd7 17. Bg3 f5 18. Rc1 a6 19. Ne5 Nxe5 20. dxe5 Kh8 21. Rc3 Qe6 22. Bc4 Qg6 23. Qd6 Qxd6 24. exd6 Nc6 25. Rd1 Bd7 26. f3 Rae8 27. Bd5 Na5 28. b4 Nc6 29. e4 f4 30. Bf2 g5 31. Bb6 g4 32. Kf2 Re5 33. Bxc6 bxc6 34. Bd4 Rfe8 35. Rc5 Kh7 36. Rxe5 g3+ 37. hxg3 fxg3+ 38. Kg1 Re6 39. Rxe6 Bxe6 40. Be5 Kg8 41. d7 1-0

[Event "Mecklenburg VP-ch MT"]
[Site "Greifswald"]
[Date "2017.05.01"]
[Round "5.7"]
[White "Fromm, Marius"]
[Black "Raitza, Egon"]
[Result "1-0"]
[WhiteElo "1750"]
[BlackElo "1788"]
[PlyCount "83"]
[EventDate "2017.04.29"]
[EventType "swiss"]
[EventRounds "7"]
[EventCountry "GER"]
[SourceTitle "EXT 2023"]
[Source "ChessBase"]
[SourceDate "2022.10.05"]
[SourceVersion "1"]
[SourceVersionDate "2022.10.05"]
[SourceQuality "1"]

1. Nf3 d5 2. c4 c6 3. g3 Nf6 4. Bg2 Bf5 5. cxd5 cxd5 6. Qb3 Qc8 7. Nc3 e6 8. 0-0 Nc6 9. d3 Bd6 10. Re1 0-0 11. e4 dxe4 12. dxe4 Bg4 13. e5 Bxf3 14. Bxf3 Bxe5 15. Bxc6 Bxc3 16. Bxb7 Qxb7 17. Qxb7 Bxe1 18. Be3 Rfb8 19. Qa6 Bb4 20. Rc1 Nd5 21. Bd4 Be7 22. Be5 Re8 23. a3 Bg5 24. Rc4 Be7 25. b4 Bf8 26. h4 Be7 27. Kg2 h5 28. Rc1 Bf6 29. Bxf6 Nxf6 30. Rc7 Nd5 31. Rxa7 Rac8 32. Qb7 Rf8 33. b5 Rb8 34. Qa6 g6 35. a4 Rbc8 36. b6 Nb4 37. Qb5 Nc6 38. Rc7 Rxc7 39. bxc7 Na7 40. Qb7 Nc8 41. a5 Nd6 42. a6 1-0

[Event "Mecklenburg VP-ch MT"]
[Site "Greifswald"]
[Date "2017.04.29"]
[Round "1.1"]
[White "Schulz, Karsten"]
[Black "Raitza, Egon"]
[Result "1-0"]
[WhiteElo "2258"]
[BlackElo "1788"]
[PlyCount "87"]
[EventDate "2017.04.29"]
[EventType "swiss"]
[EventRounds "7"]
[EventCountry "GER"]
[SourceTitle "EXT 2023"]
[Source "ChessBase"]
[SourceDate "2022.10.05"]
[SourceVersion "1"]
[SourceVersionDate "2022.10.05"]
[SourceQuality "1"]

1. Nf3 d5 2. g3 Nf6 3. Bg2 e6 4. 0-0 Bd6 5. c4 c6 6. d3 0-0 7. Nc3 Nbd7 8. cxd5 exd5 9. e4 dxe4 10. dxe4 Ne5 11. Nd4 Bc7 12. Nc2 Be6 13. b3 Qxd1 14. Rxd1 Rfd8 15. Be3 a6 16. h3 h6 17. f4 Ned7 18. f5 Bxf5 19. exf5 Bxg3 20. Rd3 Ne5 21. Rxd8+ Rxd8 22. Rd1 Rd3 23. Rxd3 Nxd3 24. Bf1 Be5 25. Na4 Nf4 26. Nc5 b6 27. Nd3 Nxd3 28. Bxd3 Nd5 29. Bxa6 Nxe3 30. Nxe3 Bd4 31. Kf2 Kf8 32. Bb7 c5 33. Kf3 b5 34. Bc6 b4 35. Ke4 g5 36. fxg6 fxg6 37. Ng4 Kg7 38. Ne5 g5 39. Nd3 Bg1 40. Kd5 h5 41. Nxc5 g4 42. hxg4 hxg4 43. Nd3 g3 44. Kc4 1-0

[Event "Rostock SSC 07 op 15th"]
[Site "Rostock"]
[Date "2016.07.30"]
[Round "6"]
[White "Raitza, Egon"]
[Black "Fromm, Marius"]
[Result "0-1"]
[WhiteElo "1807"]
[BlackElo "1663"]
[PlyCount "108"]
[EventDate "2016.07.27"]
[EventType "swiss"]
[EventRounds "7"]
[EventCountry "GER"]
[SourceTitle "EXT 2017"]
[Source "ChessBase"]
[SourceDate "2016.10.25"]
[SourceVersion "1"]
[SourceVersionDate "2016.10.25"]
[SourceQuality "1"]

1. d4 Nf6 2. c4 g6 3. Nc3 d5 4. cxd5 Nxd5 5. e4 Nxc3 6. bxc3 Bg7 7. Bc4 c5 8. Ne2 Qa5 9. 0-0 Nc6 10. Be3 cxd4 11. cxd4 0-0 12. Rc1 Rd8 13. Qb3 e6 14. Rfd1 Bd7 15. d5 exd5 16. Bxd5 Be8 17. Rd2 Rab8 18. Rcd1 Ne5 19. h3 Bc6 20. Nf4 Bxd5 21. Nxd5 Nc6 22. Bf4 Ne5 23. Qg3 Re8 24. Rc2 Qa4 25. Rdc1 Qxe4 26. Ne3 Rbd8 27. Rc7 Nd3 28. R1c4 Nxf4 29. Qxf4 Qxf4 30. Rxf4 Be5 31. Rfxf7 Bxc7 32. Rxc7 Rb8 33. Kf1 Rf8 34. Ng4 h5 35. Nh6+ Kh8 36. Nf7+ Kg8 37. Nh6+ Kh8 38. Nf7+ Kg7 39. Nd6+ Kf6 40. h4 Rfd8 41. Nxb7 Rdc8 42. Rxc8 Rxc8 43. Nd6 Rc1+ 44. Ke2 Rc2+ 45. Kf3 Rxa2 46. g3 a5 47. Ne4+ Ke5 48. Nc5 a4 49. Nd3+ Kf5 50. Nb4 Rb2 51. Nd5 a3 52. Ne3+ Ke6 53. Nc4 Rb3+ 54. Ke4 Rb4 0-1